000 00433nam a2200181Ia 4500
005 20250603145028.0
008 250603s9999 xx 000 0 und d
020 _a9781292042657
050 _aQH 430 .S26/
100 _aSanders, Mark F.
245 0 _aGenetic analysis : an integrated approach
260 _aUnited States
260 _bPearson
260 _c2014
300 _a866 p
650 _aUnited States
942 _cBK
999 _c40661
_d40661